| 000 | 00684nam a22001817a 4500 | ||
|---|---|---|---|
| 999 |
_c130413 _d130413 |
||
| 008 | 200317b ||||| |||| 00| 0 eng d | ||
| 020 | _a9789171066961 | ||
| 050 | _aDT2996.N385 2011 | ||
| 100 |
_aNdlovu-Gatseni, Sabelo J. _949679 |
||
| 245 |
_aThe Zimbabwean nation-state project _ba historical diagnosis of identity and power-based conflicts in a postcolonial state _cSabelo J. Ndlovu-Gatsheni |
||
| 260 |
_aUppsala _bNordiska Afrikainstitutet _c2011 |
||
| 300 |
_a97p. ; _c25cm. |
||
| 440 |
_aDiscussion Paper _n59 _949680 |
||
| 650 |
_aPolitical culture _zZimbabwe _948049 |
||
| 651 |
_aZimbabwe _xHistory _99704 |
||
| 651 |
_aZimbabwe _xPolitics _948176 |
||
| 942 |
_2lcc _cMONOGRAPH |
||